02135njm a2200577 i 450000100060000000300090000600500170001500700150003200800410004702000150008802000150010304000360011804100080015404600090016208000130017108000120018410000580019624500480025426000400030230001190034233600390046133600360050033700230053633700260055933700630058533800320064833800360068038000110071638800140072749000590074150000370080050000750083750000510091250500760096360000460103964800140108565000270109965500280112665500260115465500260118065500210120665500130122770000390124070000340127971000530131371000290136683000580139594200120145399900170146595200750148234984KOSZ 00520220822090311.0sd fsngnnmmned061010s2005 pl munn i 000 0 d a8360004358 a8360004064 cKOSZ 005aKOSZ 005dKOSZ 005/AR0 apol k2005 a785(430) a(086.7)1 aMendelssohn-Bartholdy, Felixd(1809-1847)eKompozytor10aMendelssohn /cFelix Mendelssohn-Bartholdy. aWarszawa :bMediasat Poland,c2005. a1 płyta CD (68 min 20 s) :bzapis cyfrowy, stereo ;c12 cm +e1 dodatek : 43 strony : ilustracje ; 13 cm x 14 cm. 2rdacontentaNagranie muzycznebprm 2rdacontent3DodatekaTekstbtxt 2rdamediaaAudiobs 2rdamediaaKomputerbc 2rdamedia3DodatekaBez urządzenia pośredniczącegobn 2rdacarrieraPłyta audiobd 2rdacarrier3DodatekaWoluminbc aMuzyka a1801-18001 aBiblioteka Gazety Wyborczej. Wielcy Kompozytorzy ;v29 aTekst komentarza: Mariusz Wrona. aWykonanie: Royal Philharmonic Orchestra ; Stefan Sanderling, dyrygent. aNagranie: C.T.S. Studio, Londyn, maj 1994 rok. aIII Symfonia a-moll "Szkocka" op.56, IV Symfonia A-dur "Włoska" op.90.17aMendelssohn-Bartholdy, Felixd(1809-1847) 7a1801-1900 9aKompozytorzy niemieccy 7aDokumenty dźwiękowe 7aMuzyka instrumentalna 7aMuzyka na orkiestrę 7aMuzyka poważna 7aSymfonia1 aWrona, MariuszeTekstc(muzykolog)1 aSanderling, Stefan.eDyrygent 2aRoyal Philharmonic Orchestra (Londyn)eWykonanie 2aMediasat PolandeWydawca 0aBiblioteka Gazety Wyborczej.pWielcy Kompozytorzyv29 cCD2UKD c34984d34984 00104071aBPKbBPKccg14.90oCD 1356p00336246t0/9(0.034.2) DeyCD